000 00403nam a2200181Ia 4500
001 14441
005 20260306164914.0
008 260306t2002||||xx |||||||||||||| ||spa||
041 _aESP
082 _a515
_bL42 T. 2
100 _aLeithold, Louis
_eAUT
245 0 _aSolucionario de el cálculo
260 _c2002
300 _a
_c
650 _aGEN
654 _aCMA
942 _cLIB
_dJUS
_fJUS
_2ddc
_n
999 _c14441
_d14441